LEADER 01401nam2 22003013i 450 001 PAL0094151 005 20231121125603.0 010 $a220401589X 100 $a20151016d1980 ||||0itac50 ba 101 | $afre 102 $afr 181 1$6z01$ai $bxxxe 182 1$6z01$an 200 1 $a˜4: œDeuteronome$aBibliographie generale, glossaire et index des quatre tomes 210 $aParis$cLes editions du Cerf$d1980 215 $a409 p.$d20 cm. 461 1$1001PAL0094145$12001 $aTargum du Pentateuque$ftraduction des deux recensions palestiniennes completes avec introduction, paralleles, notes et index par Roger Le Deaut$gavec la collaboration de Jacques Robert$v4 801 3$aIT$bIT-01$c20151016 850 $aIT-RM0418 $aIT-FR0084 $aIT-FR0017 899 $aBIBLIOTECA ACCADEMIA NAZ. DEI LINCEI E CORSINIANA$bRM0418 899 $aBiblioteca Del Monumento Nazionale Di Montecassino$bFR0084 899 $aBiblioteca umanistica Giorgio Aprea$bFR0017 912 $aPAL0094151 950 2$aBiblioteca umanistica Giorgio Aprea$d 52CIS 2 COLL H 271$e 52VM 0000382005 VM barcode:00011890. - Inventario:18192 MAGVM$fA $h20040119$i20121204 977 $a 10$a 25$a 52 996 $aBibliographie generale, glossaire et index des quatre tomes$91726425 996 $aDeutéronome$9293172 997 $aUNICAS